Giáo trình tin học phổ cập học đường : Hướng dẫn sử dụng Adobe Photoshop CS2 bằng hình ảnh

Quyển sách hướng dẫn bạn từng bước qua tiến trình tạo các ảnh, xử lý và tối ưu hóa chúng để in hoặc đưa lên web. Với cách hướng dẫn từng bước và bằng hình ảnh sẽ giúp bạn nhan chóng nắm vững các kỹ thuật cơ bản liên quan đến việ...

ver descrição completa

Na minha lista:
Detalhes bibliográficos
Autor principal: Nguyễn, Khoa Cát
Formato: Livro
Idioma:Undetermined
Publicado em: Hà Nội Thống kê 2005
Assuntos:
Tags: Adicionar Tag
Sem tags, seja o primeiro a adicionar uma tag!
Thư viện lưu trữ: Trung tâm Học liệu Trường Đại học Cần Thơ
LEADER 01359nam a2200229Ia 4500
001 CTU_113031
008 210402s9999 xx 000 0 und d
020 |c 126000 
082 |a 006.68 
082 |b C101 
100 |a Nguyễn, Khoa Cát 
245 0 |a Giáo trình tin học phổ cập học đường : 
245 0 |b Hướng dẫn sử dụng Adobe Photoshop CS2 bằng hình ảnh 
245 0 |c Nguyễn Khoa Cát , Nguyễn Tiến Hồng Thư 
260 |a Hà Nội 
260 |b Thống kê 
260 |c 2005 
520 |a Quyển sách hướng dẫn bạn từng bước qua tiến trình tạo các ảnh, xử lý và tối ưu hóa chúng để in hoặc đưa lên web. Với cách hướng dẫn từng bước và bằng hình ảnh sẽ giúp bạn nhan chóng nắm vững các kỹ thuật cơ bản liên quan đến việc dùng Photoshop. Mỗi phần quyển sách là một bài học ngắn ngọn, được thiết kế để giúp bạn nắm vững thông tin cần thiết nhằm tận dụng tối đa Photoshop. 
650 |a Application software,Computer graphics 
650 |x Computer programs 
904 |i Giang 
980 |a Trung tâm Học liệu Trường Đại học Cần Thơ